000 01469cam a2200361 a 4500
001 8350
003 FISKH
005 20250910084109.0
008 980121s1998 nyua j 001 0 eng d
010 _a 98084147
020 _a0307201627 (pbk.) :
_c$5.99 (US) ; $8.99 (CAN)
020 _a9780307201621
040 _aMdBCP
_cMdBCP
_dCoD
_dDLC
_beng
050 _aGN293 .H87
082 _a393
100 1 _aHussain, Iqbal,
_d1971-
245 1 0 _aTotally amazing mummies /
_c[author, Iqbal Hussain ; illustations, Andrew Peters].
260 _aNew York :
_bGolden Books,
_c1998.
300 _a32 pages :
_bcolor illustrations ;
_c28 cm
336 _atext
_btxt
_2rdacontent
337 _aunmediated
_bn
_2rdamedia
338 _avolume
_bnc
_2rdacarrier
440 0 _aTotally amazing golden books
500 _a"Created by Two-Can For Golden Books Pub. Co."
500 _aIncludes index.
520 _aEye-catching design and a wealth of facts come together in this series devoted to the most extraordinary and bizarre aspects of science -- the subjects that kids love and can't get enough of.To make learning even more fun, each book includes jokes, quizzes, and a list of record-breaking facts. Each book is also furnished with an in-depth index.
650 0 _aMummies
_xJuvenile literature.
650 1 _aMummies.
700 1 _aPeters, Andrew,
_eillustrator
906 _a7
_bcbc
_ccopycat
_d2
_eopcn
_f19
_gy-gencatlg
942 _2ddc
_cBK
_n0
999 _c8350
_d8350